000 02999cam a2200277 4500500
005 20260201051005.0
041 _afre
042 _adc
100 1 0 _aNavarini, Alexander A.
_eauthor
700 1 0 _aPagotto, Anna
_eauthor
700 1 0 _aLangford, Bryony
_eauthor
700 1 0 _aGradl, Birgit
_eauthor
700 1 0 _aVan De Kerkhof, Peter
_eauthor
245 0 0 _aMortality, prevalence, comorbidity, and flare patterns in generalised pustular psoriasis: a comprehensive literature review
260 _c2026.
500 _a4
520 _aGeneralised pustular psoriasis (GPP) is a rare, chronic, inflammatory skin disease that may manifest as a relapsing disease with recurrent flares or a persistent disease with intermittent flares. GPP is associated with a significant clinical burden, including pain, fatigue, and comorbidities, leading to severe, life-threatening complications. The frequency and severity of GPP flares have not been characterised comprehensively in epidemiological studies. Comprehensive literature searches were conducted to identify studies evaluating mortality, prevalence, comorbidities, and flares in the GPP population, with 121 studies included in total. As expected, mortality rates were generally higher in studies with longer durations; in three large European studies, mortality rates were 30.8%, 24.4%, and 4.8% across the years 2004-2015, 2010-2018, and 2016-2020, respectively. The most frequently reported cause of death was sepsis, followed by cardiovascular complications, and disease-related mortality. GPP prevalence was 0.88-198 patients per million in the general population (9/121 studies), although the higher estimate may be inflated due to methodological approaches. Plaque psoriasis and joint disorders (affecting >40% and <20% patients in most studies, respectively) were the most frequently reported GPP-associated comorbidities (73/121 studies). In two of the largest database studies, patients with GPP experienced approximately one flare per patient-year. Mean hospitalisation duration was 8.6-30 days. This comprehensive analysis highlighted substantial between-study heterogeneity, emphasising the need for standardization of diagnostic criteria and aspects of study design (including long-term studies with sufficient patient numbers and consistent follow-up durations). Nevertheless, the epidemiological evidence indicates that GPP is a rare, potentially lethal disease with frequent comorbidities. New treatment alternatives that might improve the management of patients with GPP, to treat and prevent flares, should be evaluated urgently.
690 _acomorbidity
690 _aflare evidence
690 _ageneralised pustular psoriasis
690 _aGPP
690 _amortality
690 _aprevalence
786 0 _nEuropean Journal of Dermatology | 35 | 6 | 2026-01-29 | p. 459-470 | 1167-1122
856 4 1 _uhttps://stm.cairn.info/journal-european-journal-of-dermatology-2025-6-page-459?lang=en&redirect-ssocas=7080
999 _c1639452
_d1639452